Nuôi tôm nước ngọt và nước lợ xuất khẩu

Sách gồm 3 phần giới thiệu con tôm và nghề nuôi tôm, kỹ thuật nuôi và phòng trị bệnh tôm nước ngọt và nước lợ.

Wedi'i Gadw mewn:
Manylion Llyfryddiaeth
Prif Awdur: Trần, Văn Vỹ
Fformat: Llyfr
Iaith:Undetermined
Cyhoeddwyd: Hà Nội Nông nghiệp 1993
Pynciau:
Tagiau: Ychwanegu Tag
Dim Tagiau, Byddwch y cyntaf i dagio'r cofnod hwn!
Thư viện lưu trữ: Trung tâm Học liệu Trường Đại học Cần Thơ
LEADER 00789nam a2200193Ia 4500
001 CTU_161483
008 210402s9999 xx 000 0 und d
082 |a 639.68 
082 |b V600 
100 |a Trần, Văn Vỹ 
245 0 |a Nuôi tôm nước ngọt và nước lợ xuất khẩu 
245 0 |c Trần Văn Vỹ, Phạm Văn Trang, Nguyễn Duy Khoát 
260 |a Hà Nội 
260 |b Nông nghiệp 
260 |c 1993 
520 |a Sách gồm 3 phần giới thiệu con tôm và nghề nuôi tôm, kỹ thuật nuôi và phòng trị bệnh tôm nước ngọt và nước lợ. 
650 |a Shrimp culture,Nuôi tôm 
904 |i Trọng Hải 
980 |a Trung tâm Học liệu Trường Đại học Cần Thơ